Statistics for Countries with over 1,000 Covid-19 deaths

Click here to take the quiz!

General Stats

  • This quiz has been taken 35 times
    (7 since last reset)
  • The average score is 64 of 107

Answer Stats

No.of deathsCountry% Correct
623,435United States
100%
3,867Algeria
80%
10,724Austria
80%
535,924Brazil
80%
26,450Canada
80%
4,636China
80%
113,839Colombia
80%
3,897Dominican Republic
80%
4,347Ethiopia
80%
111,407France
80%
91,799Germany
80%
9,756Guatemala
80%
86,207Iran
80%
17,630Iraq
80%
14,959Japan
80%
2,147Kuwait
80%
3,245Libya
80%
235,277Mexico
80%
9,395Morocco
80%
4,036Myanmar
80%
3,472Oman
80%
194,606Peru
80%
144,492Russia
80%
8,006Saudi Arabia
80%
65,142South Africa
80%
2,048South Korea
80%
81,033Spain
80%
14,606Sweden
80%
10,900Switzerland
80%
1,900Syria
80%
2,934Thailand
80%
16,651Tunisia
80%
50,324Turkey
80%
1,876United Arab Emirates
80%
128,481United Kingdom
80%
1,298 | 1,366Yemen
80%
5,921Afghanistan
60%
99,640Argentina
60%
4,549Armenia
60%
4,988Azerbaijan
60%
16,842Bangladesh
60%
3,276Belarus
60%
25,207Belgium
60%
18,154Bulgaria
60%
30,333Czech Republic
60%
16,412Egypt
60%
2,457El Salvador
60%
1,270Estonia
60%
5,479Georgia
60%
7,324Honduras
60%
30,010Hungary
60%
411,439India
60%
68,219Indonesia
60%
127,808Italy
60%
4,769Kazakhstan
60%
3,732Kenya
60%
2,538Latvia
60%
4,401Lithuania
60%
1,621Montenegro
60%
1,013Mozambique
60%
17,769Netherlands
60%
2,125Nigeria
60%
5,487North Macedonia
60%
22,642Pakistan
60%
6,654Panama
60%
26,092Philippines
60%
75,173Poland
60%
17,173Portugal
60%
34,233Romania
60%
7,076Serbia
60%
12,522Slovakia
60%
4,425Slovenia
60%
2,164Uganda
60%
52,640Ukraine
60%
3,315Venezuela
60%
2,904Zambia
60%
2,274Zimbabwe
60%
2,456Albania
40%
17,287Bolivia
40%
9,663Bosnia and Herzegovina
40%
1,324Cameroon
40%
34,016Chile
40%
4,829Costa Rica
40%
8,231Croatia
40%
1,608Cuba
40%
2,539Denmark
40%
21,832Ecuador
40%
12,782Greece
40%
5,006Ireland
40%
6,439Israel
40%
1,134Jamaica
40%
2,123Kyrgyzstan
40%
7,879Lebanon
40%
6,385Malaysia
40%
6,214Moldova
40%
14,016Paraguay
40%
2,760Sudan
40%
5,849Uruguay
40%
1,378Bahrain
20%
1,253Botswana
20%
9,855Jordan
20%
1,264Malawi
20%
2,090Namibia
20%
9,412Nepal
20%
3,574Sri Lanka
20%
1,201Senegal
0%

Score Distribution

Percentile by Number Answered

Percent of People with Each Score

Your Score History

You have not taken this quiz since the last reset